Top 10 Tallest U.S. States - Males - Statistics

General Stats
  • This quiz has been taken 17 times
  • The average score is 4 of 10
Answer Stats
Hint Answer % Correct
5 ft 10.4 in West Virginia | Minnesota | Oregon | Wisconsin | Ohio | Iowa | Oklahoma | Mississippi | Idaho | Alaska
73%
5 ft 10.6 in Montana
55%
5 ft 10.6 in Nebraska
45%
5 ft 10.6 in South Dakota
45%
5 ft 10.6 in Alabama
36%
5 ft 10.6 in Tennessee
36%
5 ft 10.5 in Wyoming
36%
5 ft 10.5 in Kansas
27%
5 ft 10.5 in Missouri
27%
5 ft 10.6 in Utah
27%
No matching quizzes found
Score Distribution
Percent of People with Each Score
Percentile by Number Answered
Your Score History
You have not taken this quiz